000 00271nam a22001217a 4500
041 _aENG
100 _aCulpin.C
245 _aFarm Mechanization Management
260 _aLandan
_bCrosby Lockwood & Son Ltd
_c1959
300 _a221
650 _aFMP
856 _uFMP ( 4 )
999 _c1402
_d1402